00940nam a22001937a 4500003000800000008004100008037002000049040003500069041000800104080001400112100003200126245019400158260009300352300002200445502013900467650008800606655002300694700002900717BI-BuBU260504b2025 bd fr|||| 000 0 fre d bDon de l'auteur aBI-BuBUbfrecBI-BuBUdBI-BuBU0 afre a616.056.51 4aut.aNimpagaritse, Thierry10aEtats des lieux et situation nutritionnel des enfants de 6-59 mois hospitalisés dans le service de pédiatrie de l'hopital de RumongecThierry Nimpagaritse ; Jonathan Niyukuri, directeur aBujumburabUniversité du Burundi, Faculté d'Agronomie et de Bio-Ingéniériec2025 aXII-49 f.c30 cm. aMémoire présenté et défendu publiquement en vue de l'obtention du diplôme de master en sciences et technologie des aliments. 72BI-BuBUaMalnutrition aiguëxEnfant de 5-59 moisxPédiatriezHopital de Rumonge 72BI-BuBUaMémoire1 4dir.aNiyukuri, Jonathan